|
|
|
|
| LEADER |
00000nam0a2200000 4500 |
| 001 |
354906 |
| 005 |
20231102010735.0 |
| 035 |
|
|
|a (RuTPU)RU\TPU\retro\12165
|
| 090 |
|
|
|a 354906
|
| 100 |
|
|
|a 20200629d1973 m y0rusy50 ca
|
| 101 |
0 |
|
|a rus
|
| 102 |
|
|
|a RU
|
| 105 |
|
|
|a a j 000zy
|
| 200 |
1 |
|
|a Дифференциальное и интегральное исчисление в примерах и задачах
|f И. А. Марон
|g пер. Л. Леванта
|d Problems in Calculus of One Variable
|
| 210 |
|
|
|a Москва
|c Мир
|d 1973
|
| 215 |
|
|
|a 458 с.
|c ил.
|
| 300 |
|
|
|a На англ. яз.
|
| 510 |
1 |
|
|a Problems in Calculus of One Variable
|z eng
|
| 606 |
1 |
|
|a Дифференциальное исчисление
|2 stltpush
|3 (RuTPU)RU\TPU\subj\9686
|9 36870
|
| 606 |
1 |
|
|a Интегральное исчисление
|2 stltpush
|3 (RuTPU)RU\TPU\subj\12773
|9 39494
|
| 610 |
1 |
|
|a примеры
|
| 610 |
1 |
|
|a задачи
|
| 610 |
1 |
|
|a математический анализ
|
| 610 |
1 |
|
|a функции
|
| 610 |
1 |
|
|a функции одного переменного
|
| 610 |
1 |
|
|a дифференцирование
|
| 610 |
1 |
|
|a определенные интегралы
|
| 610 |
1 |
|
|a интегрирование
|
| 610 |
1 |
|
|a определенные интегралы
|
| 610 |
1 |
|
|a несобственные интегралы
|
| 610 |
1 |
|
|a учебные пособия
|
| 610 |
1 |
|
|a английский язык
|
| 675 |
|
|
|a 517.2(075.8)
|v 4
|
| 675 |
|
|
|a 517.3(075.8)
|v 4
|
| 700 |
|
1 |
|a Марон
|b И. А.
|g Исаак Абрамович
|
| 702 |
|
1 |
|a Левант
|b Л.
|g Леонид
|4 730
|
| 801 |
|
1 |
|a RU
|b 63413507
|c 20200629
|
| 801 |
|
2 |
|a RU
|b 63413507
|c 20210121
|g RCR
|
| 942 |
|
|
|c BK
|